Statistics for Solsystemets planeter

Click here to take the quiz!

General Stats

  • This quiz has been taken 992 times
  • The average score is 7 of 8

Answer Stats

HintAnswer% Correct
4Mars
95%
3Tellus
92%
5Jupiter
91%
2Venus
88%
7Uranus
85%
6Saturnus
83%
1Merkurius
81%
8Neptunus
72%

Score Distribution

Percentile by Number Answered

Percent of People with Each Score

Your Score History

You have not taken this quiz